| 000 | 00358cam a22001097a 4500 | ||
|---|---|---|---|
| 008 | 180718b1952 xxu||||| |||| 00| 0 eng d | ||
| 082 | _aL8 Un3g | ||
| 245 |
_aGovernment accounting and budget execution _cby Department of Economic Affairs, U.S.A. |
||
| 260 |
_aNew York _bUnited Nations _c1952 |
||
| 300 | _a90+p. | ||
| 700 | _aU.S.A. Department of Economic Affairs | ||
| 999 |
_c430015 _d430015 |
||